[Event "Alsace-Baden"]
[Site "Wittelsheim"]
[Date "2013.09.22"]
[Round "1.27"]
[White "Teichmann, Alexander"]
[Black "Devoille, Hugo"]
[Result "1/2-1/2"]
[WhiteElo "1862"]
[BlackElo "1986"]
[PlyCount "53"]
[EventDate "2013.09.22"]
[EventType "team-match"]
[EventRounds "1"]
[EventCountry "FRA"]
[SourceTitle "EXT 2014"]
[Source "ChessBase"]
[SourceDate "2013.11.20"]
[SourceVersion "1"]
[SourceVersionDate "2013.11.20"]
[SourceQuality "1"]
[WhiteTeam "Baden"]
[BlackTeam "Alsace"]
[WhiteTeamCountry "GER"]
[BlackTeamCountry "FRA"]

1. e4 c5 2. c3 Nf6 3. e5 Nd5 4. d4 cxd4 5. cxd4 e6 6. Nc3 Nxc3 7. bxc3 Qc7 8. Bd2 d6 9. f4 Nc6 10. Nf3 Bd7 11. Bd3 Be7 12. 0-0 h6 13. Qe2 0-0 14. Qe4 g6 15. Rab1 Rfd8 16. h4 h5 17. exd6 Bxd6 18. Ne5 f5 19. Qf3 Bxe5 20. fxe5 Be8 21. Rb2 b6 22. Bg5 Rd7 23. Bf6 Rc8 24. Ba6 Rb8 25. Bb5 Rc8 26. Qe3 Kh7 27. Qf3 1/2-1/2

[Event "FRA-ch U16"]
[Site "Saint Paul Trois Chateaux"]
[Date "2013.04.30"]
[Round "3"]
[White "Devoille, Hugo"]
[Black "Viennot, Dylan"]
[Result "0-1"]
[WhiteElo "1975"]
[BlackElo "2222"]
[PlyCount "60"]
[EventDate "2013.04.28"]
[EventType "swiss"]
[EventRounds "9"]
[EventCountry "FRA"]
[SourceTitle "CBM 154 Extra"]
[Source "ChessBase"]
[SourceDate "2013.06.25"]
[SourceVersion "2"]
[SourceVersionDate "2013.06.25"]
[SourceQuality "1"]

1. e4 e6 2. d4 d5 3. Nd2 Nf6 4. e5 Nfd7 5. Bd3 c5 6. c3 Nc6 7. Ne2 cxd4 8. cxd4 f6 9. exf6 Nxf6 10. 0-0 Bd6 11. Nf3 Qc7 12. Bg5 0-0 13. Bh4 Nh5 14. Qc2 h6 15. Bg6 Rxf3 16. gxf3 Bxh2+ 17. Kh1 Nf4 18. Ng3 e5 19. Kxh2 Qd6 20. Bh7+ Kh8 21. Ne2 Nxe2 22. Qxe2 Nxd4 23. Qd3 Qe6 24. Bg3 Qh3+ 25. Kg1 Bd7 26. Rfe1 Rf8 27. Re3 Bb5 28. Qd1 Bd7 29. Qd3 Bb5 30. Qa3 Rxf3 0-1

[Event "Marseille op 5th"]
[Site "Marseille"]
[Date "2012.12.27"]
[Round "3"]
[White "Devoille, Hugo"]
[Black "Lagarde, Benjamin"]
[Result "1-0"]
[WhiteElo "1940"]
[BlackElo "1736"]
[PlyCount "63"]
[EventDate "2012.12.26"]
[EventType "swiss"]
[EventRounds "9"]
[EventCountry "FRA"]
[SourceTitle "EXT 2014"]
[Source "ChessBase"]
[SourceDate "2013.11.20"]
[SourceVersion "1"]
[SourceVersionDate "2013.11.20"]
[SourceQuality "1"]

1. e4 g6 2. d4 Bg7 3. Nc3 d6 4. Nf3 Nf6 5. Be2 0-0 6. 0-0 Nbd7 7. h3 h6 8. e5 Nh7 9. Bf4 g5 10. Bh2 f5 11. exf6 Nhxf6 12. Bc4+ Kh8 13. a4 c6 14. a5 Qe8 15. Re1 d5 16. Bd3 Qf7 17. Qe2 g4 18. Nh4 Ne4 19. Nxe4 Bxd4 20. Nf6 Nxf6 21. c3 Bc5 22. Ng6+ Kg7 23. Nxf8 Qxf8 24. b4 Bd6 25. Bxd6 exd6 26. hxg4 Bxg4 27. Qe7+ Qf7 28. Qxd6 Ne4 29. Bxe4 dxe4 30. Rxe4 Qf5 31. Re7+ Kg8 32. Qxh6 1-0

[Event "Marseille op 5th"]
[Site "Marseille"]
[Date "2012.12.27"]
[Round "5"]
[White "Malassagne, Jerome"]
[Black "Devoille, Hugo"]
[Result "0-1"]
[WhiteElo "1774"]
[BlackElo "1940"]
[PlyCount "98"]
[EventDate "2012.12.26"]
[EventType "swiss"]
[EventRounds "9"]
[EventCountry "FRA"]
[SourceTitle "EXT 2014"]
[Source "ChessBase"]
[SourceDate "2013.11.20"]
[SourceVersion "1"]
[SourceVersionDate "2013.11.20"]
[SourceQuality "1"]

1. d4 d5 2. Nf3 Nf6 3. Bf4 c5 4. Nc3 Nc6 5. e3 Bg4 6. Be2 e6 7. 0-0 Be7 8. Qd2 0-0 9. h3 Bh5 10. a3 Rc8 11. Rfd1 a6 12. Ne5 b5 13. g4 Bg6 14. Nxg6 hxg6 15. Bf3 cxd4 16. exd4 Qb6 17. Na2 Na5 18. Qe2 Nc4 19. c3 a5 20. Rab1 Rfe8 21. Nc1 Ra8 22. Nd3 Nd7 23. Ra1 Bf8 24. b4 a4 25. h4 Rac8 26. h5 gxh5 27. gxh5 Bd6 28. Bxd6 Nxd6 29. Nc5 Qd8 30. Kh1 Nb6 31. Rg1 Nbc4 32. Rg2 Nf5 33. Rag1 Qh4+ 34. Rh2 Qf4 35. Rhg2 Kh8 36. Nd3 Qd2 37. Qxd2 Nxd2 38. Be2 Rxc3 39. Nc5 Rg8 40. Bxb5 Rh3+ 41. Rh2 Rxh2+ 42. Kxh2 Nf3+ 43. Kg2 Nxg1 44. Kxg1 Nxd4 45. Ba6 Nc2 46. b5 Nxa3 47. b6 Nc4 48. b7 a3 49. Nd7 a2 0-1

[Event "Marseille op 5th"]
[Site "Marseille"]
[Date "2012.12.26"]
[Round "4"]
[White "Devoille, Hugo"]
[Black "Loiseau, Quentin"]
[Result "0-1"]
[WhiteElo "1940"]
[BlackElo "2370"]
[PlyCount "74"]
[EventDate "2012.12.26"]
[EventType "swiss"]
[EventRounds "9"]
[EventCountry "FRA"]
[SourceTitle "EXT 2014"]
[Source "ChessBase"]
[SourceDate "2013.11.20"]
[SourceVersion "1"]
[SourceVersionDate "2013.11.20"]
[SourceQuality "1"]

1. e4 e5 2. Nf3 Nc6 3. Bb5 a6 4. Ba4 Nf6 5. d3 d6 6. c3 g6 7. 0-0 Bg7 8. h3 0-0 9. Re1 Nd7 10. d4 b5 11. Bc2 Bb7 12. a4 exd4 13. cxd4 Nb4 14. Bb3 c5 15. Bf4 Qb6 16. a5 Qc6 17. d5 Qc7 18. Qd2 Rfe8 19. Na3 Nf6 20. e5 Nfxd5 21. exd6 Qc6 22. Bxd5 Nxd5 23. Bg3 Bf8 24. Ne5 Qxd6 25. Nxf7 Qf6 26. Ne5 Bg7 27. Ng4 Qd4 28. Red1 Qxd2 29. Rxd2 h5 30. Nh2 Bh6 31. Rdd1 Re2 32. Rab1 Bg7 33. Kf1 Rae8 34. Bd6 c4 35. Nf3 Rxb2 36. Rxb2 Bxb2 37. Nc2 Bc3 0-1

[Event "Vaujany op 3rd"]
[Site "Vaujany"]
[Date "2012.07.12"]
[Round "1"]
[White "Roeberg, Frank"]
[Black "Devoille, Hugo"]
[Result "1-0"]
[WhiteElo "2253"]
[BlackElo "1927"]
[PlyCount "49"]
[EventDate "2012.07.12"]
[EventType "swiss"]
[EventRounds "9"]
[EventCountry "FRA"]
[SourceTitle "CBM 149 Extra"]
[Source "ChessBase"]
[SourceDate "2012.08.24"]
[SourceVersion "1"]
[SourceVersionDate "2012.08.24"]
[SourceQuality "1"]

1. e4 c5 2. Nf3 e6 3. d4 cxd4 4. Nxd4 Nc6 5. Nc3 Qc7 6. g3 a6 7. Bg2 Nf6 8. 0-0 Be7 9. Re1 d6 10. Nxc6 bxc6 11. e5 dxe5 12. Rxe5 Nd5 13. Nxd5 cxd5 14. Bf4 Qb6 15. c4 Bc5 16. Re2 0-0 17. cxd5 Rd8 18. Qc2 exd5 19. Bxd5 Bxf2+ 20. Kh1 Ra7 21. Rxf2 Rxd5 22. Qxc8+ Rd8 23. Rc1 Rad7 24. Qc6 Qb4 25. Bc7 1-0

[Event "FRA-chT U20"]
[Site "France"]
[Date "2012.05.27"]
[Round "?"]
[White "Gac, Simon"]
[Black "Devoille, Hugo"]
[Result "0-1"]
[WhiteElo "1457"]
[BlackElo "1932"]
[PlyCount "152"]
[EventDate "2012.05.26"]
[EventType "team-swiss"]
[EventRounds "9"]
[EventCountry "FRA"]
[SourceTitle "EXT 2014"]
[Source "ChessBase"]
[SourceDate "2013.11.20"]
[SourceVersion "1"]
[SourceVersionDate "2013.11.20"]
[SourceQuality "1"]

1. d4 d5 2. c4 c6 3. Nc3 Nf6 4. cxd5 cxd5 5. Bg5 e6 6. a3 Be7 7. e3 0-0 8. Bd3 a6 9. Nge2 Nbd7 10. Qc2 h6 11. Bh4 b5 12. b4 Nb6 13. Nc1 Ne8 14. Bxe7 Qxe7 15. Nb3 Nd6 16. Ne2 Bb7 17. 0-0 Rfc8 18. Qd2 Ndc4 19. Bxc4 Nxc4 20. Qa2 Bc6 21. Nec1 Be8 22. Nd3 f6 23. Nd2 Bg6 24. Nc5 Nb6 25. Ndb3 Kh7 26. Rfc1 Rf8 27. Rd1 e5 28. Na5 Rfc8 29. Qd2 Rc7 30. Rac1 Kh8 31. h3 Bf7 32. Qa2 e4 33. Rc2 Nc4 34. Nxc4 bxc4 35. Rc3 Be8 36. a4 Rac8 37. Rb1 Rb8 38. a5 Rb5 39. Qa3 Rb8 40. Rb2 Ra8 41. Rb1 Bb5 42. Rb2 Qd6 43. Rb1 Rb7 44. Rb2 Kh7 45. Rb1 Rc7 46. Rb2 Rf7 47. Rb1 f5 48. Rb2 g5 49. Qa1 Qg6 50. Qd1 h5 51. f3 g4 52. hxg4 hxg4 53. f4 g3 54. Kf1 Kg8 55. Ke2 Rh7 56. Kd2 Rh2 57. Qe2 Qh6 58. Kc2 Kf8 59. Kb1 Ke7 60. Ka2 Be8 61. Nxa6 Qxa6 62. Qe1 Qg6 63. Ra3 Bb5 64. Rc2 Rah8 65. Qf1 Rh1 66. Qe2 Qa6 67. Rcc3 R8h2 68. Qb2 Rg1 69. Rc2 Rhh1 70. Rac3 Rh2 71. Ra3 Qc6 72. Rd2 Rhh1 73. Rc2 Ba4 74. Re2 Bb3+ 75. Qxb3 Ra1+ 76. Kb2 Rhb1+ 0-1

[Event "FRA-ch U14"]
[Site "Nimes"]
[Date "2012.04.21"]
[Round "9"]
[White "Msellek, Ilyass"]
[Black "Devoille, Hugo"]
[Result "1-0"]
[WhiteElo "2173"]
[BlackElo "1889"]
[PlyCount "79"]
[EventDate "2012.04.14"]
[EventType "swiss"]
[EventRounds "9"]
[EventCountry "FRA"]
[SourceTitle "CBM 148 Extra"]
[Source "ChessBase"]
[SourceDate "2012.06.22"]
[SourceVersion "1"]
[SourceVersionDate "2012.06.22"]
[SourceQuality "1"]

1. e4 c5 2. Nf3 e6 3. d4 cxd4 4. Nxd4 Nc6 5. Nc3 Qc7 6. f4 a6 7. Nxc6 Qxc6 8. Bd3 b5 9. Qe2 Bb7 10. Bd2 Qc7 11. a3 Ne7 12. 0-0 Nc6 13. Kh1 Be7 14. Qg4 0-0 15. e5 d5 16. exd6 Bxd6 17. Qh3 f5 18. Ne2 g6 19. c4 bxc4 20. Bxc4 Qd7 21. Qe3 Rae8 22. Bc3 Rf7 23. Rad1 Qe7 24. b4 h6 25. Nd4 Nd8 26. Nf3 Qc7 27. Qd4 Kh7 28. Qxd6 Bxf3 29. Qxc7 Bxg2+ 30. Kxg2 Rxc7 31. Rd4 Nc6 32. Bxa6 Nxd4 33. Bxd4 Rc2+ 34. Rf2 Rc7 35. b5 Rc4 36. Be5 Ra4 37. Ra2 Re7 38. Rc2 Rd7 39. Bc8 Re7 40. Bd6 1-0

[Event "Cappelle op 28th"]
[Site "Cappelle la Grande"]
[Date "2012.03.06"]
[Round "5"]
[White "Kharitonov, Alexandr"]
[Black "Devoille, Hugo"]
[Result "1-0"]
[WhiteElo "2542"]
[BlackElo "1889"]
[PlyCount "121"]
[EventDate "2012.03.03"]
[EventType "swiss"]
[EventRounds "9"]
[EventCountry "FRA"]
[SourceTitle "CBM 147 Extra"]
[Source "ChessBase"]
[SourceDate "2012.04.24"]
[SourceVersion "1"]
[SourceVersionDate "2012.04.24"]
[SourceQuality "1"]

1. d4 d5 2. c4 c6 3. Nc3 Nf6 4. e3 Bg4 5. f3 Bf5 6. cxd5 cxd5 7. Qb3 Qd7 8. g4 Be6 9. Nge2 Nc6 10. Nf4 Qd6 11. g5 Nd7 12. Nb5 Qb8 13. Nxd5 Bxd5 14. Qxd5 e6 15. Qe4 Nb6 16. Bd2 a6 17. Nc3 Qd6 18. f4 Be7 19. Rc1 Rd8 20. Rd1 Qc7 21. h4 Rd6 22. Kf2 h5 23. Qf3 g6 24. Ne4 Rd8 25. Rc1 Nd5 26. Nc3 Nb6 27. Be2 0-0 28. Rhd1 Rd7 29. Kg2 Rc8 30. Be1 Qd8 31. Bf2 Kg7 32. Ne4 Qc7 33. Nc5 Bxc5 34. dxc5 Nd5 35. a3 Rcd8 36. b4 Na7 37. Bg3 Qc8 38. e4 Ne7 39. Be1 Nac6 40. Rxd7 Rxd7 41. Bc3+ Kg8 42. Rd1 Rxd1 43. Bxd1 Na7 44. Bb2 Kf8 45. Qc3 Ke8 46. a4 Qc6 47. Bc2 Qc7 48. Kf3 Kd7 49. Bd3 Qc6 50. Bc2 Ke8 51. Ke3 Kd7 52. Qc4 Ke8 53. Bb3 Qc7 54. Be5 Qd7 55. Bd6 Nac8 56. Be5 Na7 57. b5 axb5 58. axb5 Kf8 59. Ba4 Qc8 60. Qd4 Qa8 61. Qd7 1-0

[Event "Marseille op 4th"]
[Site "Marseille"]
[Date "2011.12.29"]
[Round "7"]
[White "Kozhuharov, Spas"]
[Black "Devoille, Hugo"]
[Result "1-0"]
[WhiteElo "2428"]
[BlackElo "1845"]
[PlyCount "97"]
[EventDate "2011.12.26"]
[EventType "swiss"]
[EventRounds "9"]
[EventCountry "FRA"]
[SourceTitle "CBM 146 Extra"]
[Source "ChessBase"]
[SourceDate "2012.02.29"]
[SourceVersion "1"]
[SourceVersionDate "2012.02.29"]
[SourceQuality "1"]

1. d4 d5 2. c4 c6 3. Nf3 Nf6 4. Nc3 dxc4 5. e3 b5 6. a4 b4 7. Na2 e6 8. Bxc4 Nbd7 9. 0-0 Bb7 10. Qe2 c5 11. Rd1 Qc7 12. Bd2 a5 13. Nc1 Be7 14. Nb3 0-0 15. Be1 Rfd8 16. Rac1 Rac8 17. Bb5 Qb6 18. Nfd2 Ra8 19. Nc4 Qc7 20. f3 Rdc8 21. Bg3 Qd8 22. dxc5 Bxc5 23. Ne5 Bd5 24. Nxd7 Bxb3 25. Nxc5 Bxd1 26. Rxd1 Qb6 27. Nb3 Rd8 28. Rxd8+ Rxd8 29. Be5 Nd5 30. Bd4 Qc7 31. Qc4 e5 32. Qxc7 Nxc7 33. Bxe5 Nxb5 34. axb5 Rd5 35. Bc7 Rxb5 36. Bxa5 Rd5 37. Bb6 Rd6 38. Bd4 f6 39. Kf2 Rc6 40. Bc5 Rc7 41. Ke2 Kf7 42. Kd3 Rd7+ 43. Nd4 Rb7 44. Kc4 Rb8 45. Bxb4 Ra8 46. g4 Ke8 47. h4 Rc8+ 48. Bc5 Kd7 49. b4 1-0

[Event "Marseille op 4th"]
[Site "Marseille"]
[Date "2011.12.28"]
[Round "5"]
[White "Chauvet, Vincent"]
[Black "Devoille, Hugo"]
[Result "1/2-1/2"]
[WhiteElo "2078"]
[BlackElo "1845"]
[PlyCount "51"]
[EventDate "2011.12.26"]
[EventType "swiss"]
[EventRounds "9"]
[EventCountry "FRA"]
[SourceTitle "CBM 146 Extra"]
[Source "ChessBase"]
[SourceDate "2012.02.29"]
[SourceVersion "1"]
[SourceVersionDate "2012.02.29"]
[SourceQuality "1"]

1. d4 d5 2. c4 c6 3. Nf3 Nf6 4. e3 Bg4 5. Qb3 Qb6 6. Bd3 e6 7. Nbd2 Nbd7 8. 0-0 c5 9. Qxb6 Nxb6 10. cxd5 Bxf3 11. Nxf3 Nbxd5 12. Bb5+ Nd7 13. Ne5 N5f6 14. Nxd7 Nxd7 15. Rd1 Rd8 16. Bd2 a6 17. Ba4 b5 18. Bc2 cxd4 19. exd4 Nf6 20. Ba5 Rc8 21. Bd3 Be7 22. a4 0-0 23. Bd2 Nd5 24. g3 Bf6 25. Be3 Rfd8 26. axb5 1/2-1/2

[Event "Le Touquet op 26th"]
[Site "Le Touquet"]
[Date "2011.10.26"]
[Round "7"]
[White "Martin, Axel"]
[Black "Devoille, Hugo"]
[Result "1-0"]
[WhiteElo "2023"]
[BlackElo "1834"]
[PlyCount "81"]
[EventDate "2011.10.22"]
[EventType "swiss"]
[EventRounds "9"]
[EventCountry "FRA"]
[SourceTitle "EXT 2012"]
[Source "ChessBase"]
[SourceDate "2011.11.24"]
[SourceVersion "1"]
[SourceVersionDate "2011.11.24"]
[SourceQuality "1"]

1. e4 c5 2. Nc3 Nc6 3. Bb5 Nd4 4. Bc4 e6 5. Nf3 Nf6 6. 0-0 a6 7. d3 b5 8. Bb3 Nxb3 9. axb3 d6 10. Nxb5 Bb7 11. Nc3 Be7 12. Re1 0-0 13. h3 d5 14. exd5 exd5 15. d4 h6 16. dxc5 Bxc5 17. Be3 Bxe3 18. Rxe3 Rc8 19. Nd4 Re8 20. Rxe8+ Qxe8 21. Qe2 Qd7 22. Re1 Re8 23. Qd2 Ne4 24. Qd3 Nc5 25. Rxe8+ Qxe8 26. Qe2 Qd7 27. Qe5 Kh8 28. f3 f6 29. Qe3 Qd6 30. Kf2 Nd7 31. Nf5 Qc5 32. Qxc5 Nxc5 33. Ke3 Ne6 34. Nd4 Nc7 35. Na4 g6 36. Nc5 Bc8 37. Nc6 Kg7 38. Ne7 Ne6 39. Nxe6+ Bxe6 40. Kd4 Kf7 41. Nxd5 1-0

[Event "Le Touquet op 26th"]
[Site "Le Touquet"]
[Date "2011.10.23"]
[Round "2"]
[White "Defrance, Laurent"]
[Black "Devoille, Hugo"]
[Result "1/2-1/2"]
[WhiteElo "2128"]
[BlackElo "1834"]
[PlyCount "41"]
[EventDate "2011.10.22"]
[EventType "swiss"]
[EventRounds "9"]
[EventCountry "FRA"]
[SourceTitle "EXT 2012"]
[Source "ChessBase"]
[SourceDate "2011.11.24"]
[SourceVersion "1"]
[SourceVersionDate "2011.11.24"]
[SourceQuality "1"]

1. d4 d5 2. Nf3 Nf6 3. c4 c6 4. Nc3 dxc4 5. a4 Na6 6. e3 Bg4 7. Bxc4 e6 8. 0-0 Be7 9. Qe2 Nb4 10. Rd1 0-0 11. Bd2 Qc7 12. Rac1 Rfd8 13. Be1 Rac8 14. Na2 Nbd5 15. e4 Nf4 16. Qe3 c5 17. Bd2 Ng6 18. Bc3 Bxf3 19. Qxf3 cxd4 20. Bxd4 Ne5 21. Bxe5 1/2-1/2

[Event "St Chely d'Aubrac op 11th"]
[Site "St Chely d'Aubrac"]
[Date "2011.07.09"]
[Round "1"]
[White "Meyer, Bernard"]
[Black "Devoille, Hugo"]
[Result "0-1"]
[WhiteElo "1464"]
[BlackElo "1786"]
[PlyCount "54"]
[EventDate "2011.07.09"]
[EventType "swiss"]
[EventRounds "7"]
[EventCountry "FRA"]
[SourceTitle "CBM 143 Extra"]
[Source "ChessBase"]
[SourceDate "2011.08.29"]
[SourceVersion "1"]
[SourceVersionDate "2011.08.29"]
[SourceQuality "1"]

1. e4 c5 2. Nf3 e6 3. d4 cxd4 4. Nxd4 Nc6 5. Nc3 Qc7 6. Be3 a6 7. Qd2 Nf6 8. Be2 Bb4 9. Nf3 Nxe4 10. Qd3 Nxc3 11. bxc3 Ne5 12. Nxe5 Qxc3+ 13. Qxc3 Bxc3+ 14. Bd2 Bxa1 15. Nd3 Bf6 16. Bb4 Be7 17. Bc3 0-0 18. 0-0 b5 19. Bf3 d5 20. Ne5 Bb7 21. Ba5 Rac8 22. c3 Bc6 23. Re1 Bf6 24. Ng4 Bg5 25. h3 Be8 26. Rd1 Rc4 27. Ne5 Ra4 0-1

[Event "FRA-chT U20 16 GP Haute 1011"]
[Site "France"]
[Date "2011.06.12"]
[Round "11"]
[White "Dumas, Charles"]
[Black "Devoille, Hugo"]
[Result "1-0"]
[WhiteElo "1839"]
[BlackElo "1788"]
[PlyCount "109"]
[EventDate "2010.06.20"]
[EventType "team-tourn"]
[EventRounds "11"]
[EventCountry "FRA"]
[SourceTitle "EXT 2015"]
[Source "ChessBase"]
[SourceDate "2014.11.20"]
[SourceVersion "1"]
[SourceVersionDate "2014.11.20"]
[SourceQuality "1"]
[WhiteTeam "Saint Mande U20"]
[BlackTeam "Mulhouse Philidor (U20)"]
[WhiteTeamCountry "FRA"]
[BlackTeamCountry "FRA"]

1. e4 c5 2. c3 Nf6 3. e5 Nd5 4. d4 cxd4 5. Nf3 e6 6. cxd4 d6 7. Nc3 Nxc3 8. bxc3 Bd7 9. Bd3 Bc6 10. 0-0 Nd7 11. exd6 Bxd6 12. Bd2 0-0 13. Ng5 Nf6 14. f4 g6 15. Qc2 Bd7 16. Nf3 Re8 17. Ne5 Bf8 18. Rf3 Bg7 19. Rh3 Rc8 20. Qd1 Bc6 21. Nxc6 bxc6 22. Qc2 Nd5 23. Qc1 Ne7 24. Rb1 c5 25. dxc5 Rxc5 26. Bb5 Rf8 27. Rd3 Rd5 28. Qc2 Qc7 29. g3 Rc8 30. Rxd5 Nxd5 31. c4 Nb6 32. Be3 Bf8 33. Rc1 Bc5 34. Bxc5 Qxc5+ 35. Qf2 Qb4 36. Qe2 Rd8 37. Rd1 Rc8 38. Rc1 Rd8 39. Rc2 Qc5+ 40. Qf2 Rd1+ 41. Kg2 Qb4 42. Rb2 Qd6 43. Rc2 Qc7 44. Qe2 Qb7+ 45. Kh3 Rd8 46. Rd2 Rc8 47. Qd3 a6 48. c5 Rxc5 49. Qd8+ Kg7 50. Qd4+ Kg8 51. Qxc5 axb5 52. Rd8+ Kg7 53. Qe5+ Kh6 54. Rg8 f5 55. Qf6 1-0

[Event "FRA-chT U20 16 GP Haute 1011"]
[Site "France"]
[Date "2011.06.12"]
[Round "9"]
[White "Mohammad, Fahim"]
[Black "Devoille, Hugo"]
[Result "0-1"]
[WhiteElo "1854"]
[BlackElo "1788"]
[PlyCount "70"]
[EventDate "2010.06.20"]
[EventType "team-tourn"]
[EventRounds "11"]
[EventCountry "FRA"]
[SourceTitle "EXT 2015"]
[Source "ChessBase"]
[SourceDate "2014.11.20"]
[SourceVersion "1"]
[SourceVersionDate "2014.11.20"]
[SourceQuality "1"]
[WhiteTeam "Creteil (U20)"]
[BlackTeam "Mulhouse Philidor (U20)"]
[WhiteTeamCountry "FRA"]
[BlackTeamCountry "FRA"]

1. d4 Nf6 2. Nf3 g6 3. c4 Bg7 4. Nc3 d6 5. e4 0-0 6. h3 e5 7. dxe5 dxe5 8. Be3 Nbd7 9. Be2 c6 10. c5 Qa5 11. Nd2 Rd8 12. Nc4 Qc7 13. Nd6 Nxc5 14. Bxc5 Bf8 15. 0-0 Bxd6 16. Bxd6 Rxd6 17. Qc2 Be6 18. Nb5 Qd7 19. Nxd6 Qxd6 20. Rad1 Qb4 21. Bf3 Bxa2 22. Qd2 Qxd2 23. Rxd2 Kf8 24. Re1 Ke7 25. Bd1 Be6 26. b4 a5 27. bxa5 Rxa5 28. Rb2 b5 29. f3 c5 30. Be2 b4 31. Rc1 Nd7 32. Kf2 Nb6 33. Rcc2 c4 34. Bxc4 Bxc4 35. Rxc4 Nxc4 0-1

[Event "FRA-chTB U20 1011"]
[Site "France"]
[Date "2010.11.21"]
[Round "2.3"]
[White "Devoille, Hugo"]
[Black "Bellahcene, Bilel"]
[Result "0-1"]
[WhiteElo "1753"]
[BlackElo "2140"]
[PlyCount "78"]
[EventDate "2010.11.20"]
[EventType "team-tourn"]
[EventRounds "7"]
[EventCountry "FRA"]
[SourceTitle "EXT 2012"]
[Source "ChessBase"]
[SourceDate "2011.11.24"]
[SourceVersion "1"]
[SourceVersionDate "2011.11.24"]
[SourceQuality "1"]
[WhiteTeam "Mulhouse"]
[BlackTeam "Bischwiller"]
[WhiteTeamCountry "FRA"]
[BlackTeamCountry "FRA"]

1. e4 c5 2. Nf3 Nc6 3. Bb5 Nf6 4. e5 Nd5 5. c3 Nc7 6. Ba4 d5 7. d4 b5 8. Bb3 Bg4 9. Be3 c4 10. Bc2 e6 11. h3 Bf5 12. Bxf5 exf5 13. Qc2 g6 14. Bg5 Be7 15. Bh6 Ne6 16. 0-0 a5 17. Nbd2 Rg8 18. Nh2 Ra6 19. Ndf3 Qc7 20. Bd2 h5 21. h4 Kd7 22. Ng5 Bxg5 23. Bxg5 Nxg5 24. hxg5 Nd8 25. f4 Ne6 26. Qd2 Rb8 27. a4 b4 28. Rfb1 Rab6 29. Rc1 bxc3 30. bxc3 Rb2 31. Qe3 R8b3 32. g3 Qb6 33. Qe1 h4 34. Nf1 Nxd4 35. cxd4 Qxd4+ 36. Kh1 hxg3 37. Nxg3 Qxf4 38. Nf1 Qf3+ 39. Kg1 Qg2# 0-1

[Event "FRA-ch U12"]
[Site "Troyes"]
[Date "2010.04.18"]
[Round "9"]
[White "Duval, Thomas"]
[Black "Devoille, Hugo"]
[Result "0-1"]
[WhiteElo "1810"]
[BlackElo "1704"]
[PlyCount "107"]
[EventDate "2010.04.11"]
[EventType "swiss"]
[EventRounds "9"]
[EventCountry "FRA"]
[SourceTitle "EXT 2012"]
[Source "ChessBase"]
[SourceDate "2011.11.24"]
[SourceVersion "1"]
[SourceVersionDate "2011.11.24"]
[SourceQuality "1"]

1. e4 c5 2. Nc3 e6 3. d3 Nc6 4. g3 d5 5. Bg2 Nf6 6. f4 Be7 7. Nge2 0-0 8. 0-0 d4 9. Nb1 e5 10. f5 b5 11. Nd2 Bb7 12. Nf3 c4 13. h3 Nd7 14. g4 Rc8 15. a3 cxd3 16. cxd3 a5 17. g5 a4 18. b4 Nxb4 19. axb4 Bxb4 20. Ba3 Bxa3 21. Rxa3 Qa5 22. h4 Rfe8 23. h5 Nc5 24. Qd2 Qxd2 25. Nxd2 b4 26. Raa1 Ba6 27. Nc1 b3 28. Ncxb3 axb3 29. Nxb3 Bxd3 30. Nxc5 Bxf1 31. Bxf1 Rxc5 32. g6 hxg6 33. hxg6 fxg6 34. fxg6 Rc3 35. Kf2 Re3 36. Bc4+ Kf8 37. Ra7 Re7 38. Ra8+ Re8 39. Ra7 Rc3 40. Rf7+ Kg8 41. Bd5 Kh8 42. Kg2 Rc2+ 43. Kg3 Rc1 44. Kf2 Rc5 45. Be6 Rc2+ 46. Kg3 Rc6 47. Bf5 Rd6 48. Kf2 d3 49. Ke1 d2+ 50. Kd1 Ra8 51. Bg4 Rxg6 52. Be2 Rd6 53. Kc2 Rc8+ 54. Kb2 0-1

[Event "Hastings Masters op 85th"]
[Site "Hastings"]
[Date "2010.01.02"]
[Round "6"]
[White "O'Neill, Tom C"]
[Black "Devoille, Hugo"]
[Result "0-1"]
[WhiteElo "1523"]
[BlackElo "1691"]
[PlyCount "40"]
[EventDate "2009.12.28"]
[EventType "swiss"]
[EventRounds "9"]
[EventCountry "ENG"]
[SourceTitle "CBM 134 Extra"]
[Source "ChessBase"]
[SourceDate "2010.03.03"]
[SourceVersion "1"]
[SourceVersionDate "2010.03.03"]
[SourceQuality "1"]

1. e4 c5 2. Nf3 e6 3. g3 Nc6 4. Bg2 d5 5. exd5 exd5 6. 0-0 Be6 7. Re1 Nf6 8. d3 h6 9. Nc3 Be7 10. h3 0-0 11. Bf4 Qd7 12. Ne5 Nxe5 13. Rxe5 Bd6 14. Nxd5 Bxe5 15. Bxe5 Nxd5 16. Kh2 f6 17. Bc3 Nxc3 18. bxc3 Bd5 19. Bf1 Bc6 20. Be2 Qd5 0-1

[Event "Hastings Masters op 85th"]
[Site "Hastings"]
[Date "2010.01.01"]
[Round "5"]
[White "Tari, Aryan"]
[Black "Devoille, Hugo"]
[Result "1-0"]
[WhiteElo "1932"]
[BlackElo "1691"]
[PlyCount "63"]
[EventDate "2009.12.28"]
[EventType "swiss"]
[EventRounds "9"]
[EventCountry "ENG"]
[SourceTitle "CBM 134 Extra"]
[Source "ChessBase"]
[SourceDate "2010.03.03"]
[SourceVersion "1"]
[SourceVersionDate "2010.03.03"]
[SourceQuality "1"]

1. e4 c5 2. Nf3 e6 3. d4 cxd4 4. Nxd4 Nc6 5. Be3 a6 6. a3 Qc7 7. Nc3 Nf6 8. Be2 Be7 9. f4 d6 10. 0-0 Nxd4 11. Qxd4 0-0 12. Rad1 Rd8 13. f5 d5 14. Qb6 Bd6 15. Qxc7 Bxc7 16. exd5 exf5 17. Bf3 h6 18. Na4 Rb8 19. Ba7 Ra8 20. Bb6 Bxb6+ 21. Nxb6 Rb8 22. c4 Nd7 23. Nxd7 Bxd7 24. c5 Ba4 25. Rd4 Be8 26. Rc1 Rbc8 27. Rb4 Rb8 28. c6 bxc6 29. Rxb8 Rxb8 30. dxc6 Bxc6 31. Rxc6 Rxb2 32. Rxa6 1-0

[Event "FRA-ch U12"]
[Site "Aix les Bains"]
[Date "2009.04.20"]
[Round "3"]
[White "Devoille, Hugo"]
[Black "Msellek, Ilyass"]
[Result "0-1"]
[WhiteElo "1683"]
[BlackElo "1935"]
[PlyCount "64"]
[EventDate "2009.04.19"]
[EventType "swiss"]
[EventRounds "9"]
[EventCountry "FRA"]
[SourceTitle "CBM 130 Extra"]
[Source "ChessBase"]
[SourceDate "2009.07.02"]
[SourceVersion "2"]
[SourceVersionDate "2009.07.15"]
[SourceQuality "1"]

1. e4 c5 2. Nf3 e6 3. d4 cxd4 4. Nxd4 Nf6 5. Nc3 Nc6 6. Nxc6 bxc6 7. Bd3 d5 8. 0-0 Be7 9. f4 0-0 10. e5 Nd7 11. Qh5 g6 12. Qd1 c5 13. b3 Bb7 14. Ne2 Nb6 15. c3 Rc8 16. g4 d4 17. c4 Qc7 18. Ng3 Nd7 19. Qe2 Bh4 20. g5 Bxg3 21. hxg3 Qc6 22. Qh2 a5 23. Rf2 a4 24. Bd2 axb3 25. axb3 Ra8 26. Rxa8 Rxa8 27. Rf1 Ra2 28. Rf2 Qb6 29. Re2 Qxb3 30. Be1 Ra1 31. Bc2 Qf3 32. Rf2 Rxe1+ 0-1